Acta aerarii publici vedecký časopis Ekonomickej fakulty Univerzity Mateja Bela v Banskej Bystrici
Salvato in:
| Natura: | Periodico |
|---|---|
| Lingua: | slovacco |
| Pubblicazione: |
Banská Bystrica
Belianum
2018
|
| Soggetti: | |
| Tags: |
Nessun Tag, puoi essere il primo ad aggiungerne!!
|
MARC
| LEADER | 00000nas2a2200000 4500 | ||
|---|---|---|---|
| 001 | 0290451 | ||
| 005 | 20230125133049.2 | ||
| 022 | |a 1336-8818 | ||
| 041 | 0 | |a slo | |
| 044 | |a SK | ||
| 245 | 1 | 0 | |a Acta aerarii publici |b vedecký časopis Ekonomickej fakulty Univerzity Mateja Bela v Banskej Bystrici |
| 264 | 1 | |a Banská Bystrica |b Belianum |c 2018 | |
| 773 | 0 | |w eu_un_cat*0059483 | |
| 610 | 2 | 0 | |a teória finančná |
| 610 | 2 | 0 | |a financie verejné |
| 610 | 2 | 0 | |a bankovníctvo |
| 610 | 2 | 0 | |a účtovníctvo |
| 610 | 2 | 0 | |a manažment finančný |